000
00263nam a2200097Ia 4500
008
170619s9999 xx 000 0 und d
100
_a
PEEBALS-JR.- PEYTON Z
245
0
_a
PROBABILITY- RANDOM VARIABLES AND RANDOM SIGNAL PRINCI.
260
_b
Mc Graw Hill
260
_c
2010
546
_a
ENGLISH
999
_c
19180
_d
19180